Flight or Submission
| Titel: | Flight or Submission : Changing Identities in the Ottoman-Hungarian Borderlands : The County of Zala in the 1570s / Éva Sz. Simon |
|---|---|
| Verfasser: | |
| In: |
Osmanischer Orient und Ostmitteleuropa, (2014), Seite 33-46 alle Artikel anzeigen |
| Veröffentlicht: | 2014 |
| Umfang: | 1 Karte |
| Format: | Aufsatz |
| Sprache: | Englisch |
X
alg: 42408409 001A $03025:20-12-17 001B $01999:20-12-17 $t22:49:09.000 001C $03025:20-12-17 $t11:28:07.000 001D $03025:20-12-17 001U $0utf8 001X $00 002@ $0Aou 002C $aText $btxt $2rdacontent 002D $aohne Hilfsmittel zu benutzen $bn $2rdamedia 002E $aBand $bnc $2rdacarrier 003@ $0424084090 007A $0424084090 $aHEB 010@ $aeng 010E $erda 011@ $a2014 021A $aFlight or Submission $dChanging Identities in the Ottoman-Hungarian Borderlands : The County of Zala in the 1570s $hÉva Sz. Simon 028A $BVerfasser $4aut $7 $8Simon, Éva Sz. [Tnd] $9424084074 031A $h33-46 $j2014 034M $a1 Karte 039B $aEnthalten in $8--Aau--. Osmanischer Orient und Ostmitteleuropa. - Stuttgart : Steiner, 2014. - 336 Seiten. - Illustrationen, Karten. - ISBN 3-515-10848-3 $x201400000000000967 $9348926014 044K $#Zala (Provinz) $#Zala megye $#Zala Komitat $#Zala Megye $#Zala $74238734-6 $8Komitat Zala [Tg1] $9086251546 044K $RTürkei $#Osmanisches Reich $#Osmanisches Reich $#Ottomanisches Reich $#Empire Ottoman $#Daulat-i ʿAlīya-i ʿUṯmānīya $#Devlet-i Aliye Osmaniye $#Hohe Pforte $#Staat Pforte $#Bâb-ı Âlî $#Sublime Porte $#Bâb-ı Âsafî $#Hükumet Kapısı $#Vysokaja Porta $#Blistatelʾnaja Porta $#Paşa Kapısı $#Ottomannische Pforte $#Othōmanikē Autokratoria $#Osmanlı İmperatorluğu $74075720-1 $8Osmanisches Reich [Tg1] $9085214280 044K $RÖsterreich-Ungarn $#Ungarn $#Ungarn $#Ungarische Räterepublik $#Königreich Ungarn $#Die @Länder der ungarischen Krone $#Transleithanien $#Magyarország $#Magyar Köztársaság $#Magyar Tanácsköztársaság $#Government of the Hungarian Republic $#Zemalja Ugarske Krune $#VNR $#Ungern $#Ungarische Republik $#Republik Ungarn $#Ungarische Volksrepublik $#Volksrepublik Ungarn $#Magyar Népköztársaság $#Hungary $#Hungarian Republic $#Hongrie $#Vengerskaja Narodnaja Respublika $#Hungarian People's Republic $#HPR Hungarian People's Republic $#République Populaire Hongroise $#Ungarische VR $#Republic of Hungary $#Vengrija $74078541-5 $8Ungarn [Tgz] $9085222712 044K $RFrontier $RStaatsgrenze $#Borderlands $#Régions frontalières $#Tierras fronterizas $#Grenzregion $#Grenzgebiet $#Grenzland $#Grenzregion $#Grenzraum $#Grenzbezirk $74021993-8 $8Grenzgebiet [Ts1] $9085053791 044K $RRelation $#Wechselbeziehung $#Beziehungen $74145198-3 $8Beziehung [Ts1] $9085577189 045R $aGeschichte 1566-1592 lok: 42408409 78 exp: 42408409 78 1 #EPN 201B/01 $020-12-17 $t09:29:22.000 201C/01 $020-12-17 201U/01 $0utf8 203@/01 $01013084942 208@/01 $a20-12-17 $be 209A/01 $a/ $f000 $x00 209A/01 $ab*p $x01 220C/01 $apgar 244Z/01 $#Ungarn $#Ungarn $#Ungarische Räterepublik $#Königreich Ungarn $#Die @Länder der ungarischen Krone $#Transleithanien $#Magyarország $#Magyar Köztársaság $#Magyar Tanácsköztársaság $#Government of the Hungarian Republic $#Zemalja Ugarske Krune $#VNR $#Ungern $#Ungarische Republik $#Republik Ungarn $#Ungarische Volksrepublik $#Volksrepublik Ungarn $#Magyar Népköztársaság $#Hungary $#Hungarian Republic $#Hongrie $#Vengerskaja Narodnaja Respublika $#Hungarian People's Republic $#HPR Hungarian People's Republic $#République Populaire Hongroise $#Ungarische VR $#Republic of Hungary $#Vengrija $74078541-5 $8--Tgz--Ungarn $x01 $9085222712 247C/01 $82080>Marburg/Lahn, Herder-Institut, Forschungsbibliothek, Bibliographieportal $9336309341
| LEADER | 00000caa a2200000 c 4500 | ||
|---|---|---|---|
| 001 | 424084090 | ||
| 003 | DE-603 | ||
| 005 | 20171220224909.0 | ||
| 007 | tu | ||
| 008 | 171220s2014 xx |||| | u00||u|eng c | ||
| 035 | |a (DE-599)HEB424084090 | ||
| 040 | |a DE-603 |b ger |c DE-603 |d DE-603 |e rda | ||
| 041 | |a eng | ||
| 100 | 1 | |a Simon, Éva Sz. |e Verfasser |4 aut |0 (DE-603)424084074 | |
| 245 | 0 | 0 | |a Flight or Submission |b Changing Identities in the Ottoman-Hungarian Borderlands : The County of Zala in the 1570s |c Éva Sz. Simon |
| 264 | 0 | |c 2014 | |
| 300 | |b 1 Karte | ||
| 336 | |a Text |b txt |2 rdacontent | ||
| 337 | |a ohne Hilfsmittel zu benutzen |b n |2 rdamedia | ||
| 338 | |a Band |b nc |2 rdacarrier | ||
| 648 | 7 | |a Geschichte 1566-1592 |2 gnd | |
| 650 | 7 | |a Grenzgebiet |0 (DE-588)4021993-8 |0 (DE-603)085053791 |2 gnd | |
| 650 | 7 | |a Beziehung |0 (DE-588)4145198-3 |0 (DE-603)085577189 |2 gnd | |
| 651 | 7 | |a Komitat Zala |0 (DE-588)4238734-6 |0 (DE-603)086251546 |2 gnd | |
| 651 | 7 | |a Osmanisches Reich |0 (DE-588)4075720-1 |0 (DE-603)085214280 |2 gnd | |
| 651 | 7 | |a Ungarn |0 (DE-588)4078541-5 |0 (DE-603)085222712 |2 gnd | |
| 773 | 0 | 8 | |i Enthalten in |t Osmanischer Orient und Ostmitteleuropa |d Stuttgart : Steiner, 2014 |h 336 Seiten, Illustrationen, Karten |z 3515108483 |z 9783515108485 |g (2014), Seite 33-46 |w (DE-603)348926014 |
| 924 | 0 | |9 2080 |a (DE-603)1013084942 |b DE-2080 |c HES |d d |g / | |


